Observation of proton-tagged, central (semi)exclusive production of high-mass lepton pairs in pp collisions at 13 TeV with the CMS-TOTEM precision proton spectrometer; Journal of High Energy Physics; Vol. 2018, iss. 7

Bibliografiske detaljer
Parent link:Journal of High Energy Physics
Vol. 2018, iss. 7.— 2018.— [153, 45 p.]
Institution som forfatter: Национальный исследовательский Томский политехнический университет Исследовательская школа физики высокоэнергетических процессов
Andre forfattere: Sirunyan A. M., Tumasyan A. R., Adam W. Wolfgang, Ambrogi F. Federico, Asilar E. Ece, Bergauer T. Thomas, Babaev A. A. Anton Anatoljevich
Summary:Title screen
The process pp → pℓ+ℓ−p(*), with ℓ+ℓ− a muon or an electron pair produced at midrapidity with mass larger than 110 GeV, has been observed for the first time at the LHC in pp collisions at s√=13s=13 TeV. One of the two scattered protons is measured in the CMS-TOTEM precision proton spectrometer (CT-PPS), which operated for the first time in 2016. The second proton either remains intact or is excited and then dissociates into a low-mass state p*, which is undetected. The measurement is based on an integrated luminosity of 9.4 fb−1 collected during standard, high-luminosity LHC operation. A total of 12 μ+μ− and 8 e+e− pairs with m(ℓ+ℓ−) > 110 GeV, and matching forward proton kinematics, are observed, with expected backgrounds of 1.49 ± 0.07 (stat) ± 0.53 (syst) and 2.36 ± 0.09 (stat) ± 0.47 (syst), respectively. This corresponds to an excess of more than five standard deviations over the expected background. The present result constitutes the first observation of proton-tagged γγ collisions at the electroweak scale. This measurement also demonstrates that CT-PPS performs according to the design specifications.
Режим доступа: по договору с организацией-держателем ресурса
Sprog:engelsk
Udgivet: 2018
Fag:
Online adgang:https://doi.org/10.1007/JHEP07(2018)153
Format: MixedMaterials Electronisk Book Chapter
KOHA link:https://koha.lib.tpu.ru/cgi-bin/koha/opac-detail.pl?biblionumber=660830

MARC

LEADER 00000naa0a2200000 4500
001 660830
005 20250526141451.0
035 |a (RuTPU)RU\TPU\network\30894 
035 |a RU\TPU\network\30817 
090 |a 660830 
100 |a 20191029d2018 k||y0rusy50 ba 
101 0 |a eng 
135 |a drcn ---uucaa 
181 0 |a i  
182 0 |a b 
200 1 |a Observation of proton-tagged, central (semi)exclusive production of high-mass lepton pairs in pp collisions at 13 TeV with the CMS-TOTEM precision proton spectrometer  |f A. M. Sirunyan [et al.] 
203 |a Text  |c electronic 
300 |a Title screen 
320 |a [References: 40 tit.] 
330 |a The process pp → pℓ+ℓ−p(*), with ℓ+ℓ− a muon or an electron pair produced at midrapidity with mass larger than 110 GeV, has been observed for the first time at the LHC in pp collisions at s√=13s=13 TeV. One of the two scattered protons is measured in the CMS-TOTEM precision proton spectrometer (CT-PPS), which operated for the first time in 2016. The second proton either remains intact or is excited and then dissociates into a low-mass state p*, which is undetected. The measurement is based on an integrated luminosity of 9.4 fb−1 collected during standard, high-luminosity LHC operation. A total of 12 μ+μ− and 8 e+e− pairs with m(ℓ+ℓ−) > 110 GeV, and matching forward proton kinematics, are observed, with expected backgrounds of 1.49 ± 0.07 (stat) ± 0.53 (syst) and 2.36 ± 0.09 (stat) ± 0.47 (syst), respectively. This corresponds to an excess of more than five standard deviations over the expected background. The present result constitutes the first observation of proton-tagged γγ collisions at the electroweak scale. This measurement also demonstrates that CT-PPS performs according to the design specifications. 
333 |a Режим доступа: по договору с организацией-держателем ресурса 
461 |t Journal of High Energy Physics 
463 |t Vol. 2018, iss. 7  |v [153, 45 p.]  |d 2018 
610 1 |a электронный ресурс 
610 1 |a труды учёных ТПУ 
610 1 |a hadron-hadron scattering (experiments) 
610 1 |a forward physics 
610 1 |a адрон-адронное рассеяние 
610 1 |a физика 
610 1 |a photon production 
610 1 |a фотоны 
701 1 |a Sirunyan  |b A. M. 
701 1 |a Tumasyan  |b A. R. 
701 1 |a Adam  |b W.  |g Wolfgang 
701 1 |a Ambrogi  |b F.  |g Federico 
701 1 |a Asilar  |b E.  |g Ece 
701 1 |a Bergauer  |b T.  |g Thomas 
701 1 |a Babaev  |b A. A.  |c physicist  |c engineer-issledovatelskogo Polytechnic University, candidate of physical and mathematical Sciences  |f 1981-  |g Anton Anatoljevich  |3 (RuTPU)RU\TPU\pers\35154  |9 18420 
712 0 2 |a Национальный исследовательский Томский политехнический университет  |b Исследовательская школа физики высокоэнергетических процессов  |c (2017- )  |3 (RuTPU)RU\TPU\col\23551 
801 2 |a RU  |b 63413507  |c 20191029  |g RCR 
850 |a 63413507 
856 4 |u https://doi.org/10.1007/JHEP07(2018)153 
942 |c CF